| 000 | 00784nam a22002297a 4500 | ||
|---|---|---|---|
| 999 |
_c21371 _d21371 |
||
| 003 | AR-CdUCM | ||
| 008 | 190411b ||||| |||| 00| 0 spa d | ||
| 040 |
_aMUNICIPALIDAD PROVINCIAL DEL CUSCO _cBIBLIOTECA MUNICIPAL DEL CUSCO |
||
| 082 |
_aC/068/M53/1898 _bM53 |
||
| 245 | _aMemoria del Sr. Prefecto del departamento del Cuzco 1897 / | ||
| 260 |
_aLima ; _bEl País, _c1898. |
||
| 300 |
_a37 Páginas. : _c25 cm. |
||
| 505 | _aContenido: Ramo de gobierno y policía -- Administración política ... | ||
| 650 |
_aMemoria de gestión _944576 |
||
| 650 |
_aPrefectura Cusco _944577 |
||
| 650 |
_aPedro Carrión _944578 |
||
| 650 |
_aFuentes primarias _916778 |
||
| 650 |
_aDocumentos históricos _91122 |
||
| 650 |
_aCusco Perú _944579 |
||
| 942 |
_2ddc _cFOLLETOS |
||
| 945 | _aRoel | ||